Notes and references on personal and community hygiene (Record no. 17382)

MARC details
000 -LEADER
fixed length control field 00875cam a22002291 4500
001 - CONTROL NUMBER
control field ca 34000850
003 - CONTROL NUMBER IDENTIFIER
control field DLC
005 - DATE AND TIME OF LATEST TRANSACTION
control field 20260227111132.0
008 - FIXED-LENGTH DATA ELEMENTS--GENERAL INFORMATION
fixed length control field 810725m19339999xx a 000 0 eng
010 ## - LIBRARY OF CONGRESS CONTROL NUMBER
LC control number ca 34000850
035 ## - SYSTEM CONTROL NUMBER
System control number (OCoLC)14738080
040 ## - CATALOGING SOURCE
Original cataloging agency DLC
Transcribing agency DNLM
Modifying agency DLC
042 ## - AUTHENTICATION CODE
Authentication code premarc
050 00 - LIBRARY OF CONGRESS CALL NUMBER
Classification number RA776
Item number .H27
060 0# - NATIONAL LIBRARY OF MEDICINE CALL NUMBER
Classification number QT 180
Item number H268n
100 1# - MAIN ENTRY--PERSONAL NAME
Personal name Hardy, Albert Victor,
Dates associated with a name 1897-
245 10 - TITLE STATEMENT
Title Notes and references on personal and community hygiene
Remainder of title for courses 101, 102, and hygiene for nurses,
Statement of responsibility, etc. prepared by A. V. Hardy, M. D.
260 ## - PUBLICATION, DISTRIBUTION, ETC.
Place of publication, distribution, etc. Iowa City, Ia.,
Name of publisher, distributor, etc. Printed by University multigraph department,
Date of publication, distribution, etc. c1933-
300 ## - PHYSICAL DESCRIPTION
Extent v.
Other physical details ill.
500 ## - GENERAL NOTE
General note At head of title: Department of hygiene and preventive medicine.
504 ## - BIBLIOGRAPHY, ETC. NOTE
Bibliography, etc. note "Collateral readings": v. 1, numb. leaves 79-86; "Topics and references for written reports": v. 1, numb. leaves 86-87.

No items available.

Powered by Koha